| 000 | 00583cam a2200229 i 4500 | ||
|---|---|---|---|
| 001 | 1777924 | ||
| 005 | 20180918041228.0 | ||
| 008 | 771013s1978 enka b 001 0 eng | ||
| 010 | _a 77087389 | ||
| 020 | _a0521219078 | ||
| 040 |
_aDLC _cDLC _dDLC |
||
| 041 | _aeng | ||
| 060 | _aW26 R375m | ||
| 080 | _a610.903 REI | ||
| 082 | 0 | 0 | _a610.903 REI |
| 100 | 1 | _a3 | |
| 101 | _aSHM | ||
| 245 | 1 | 0 |
_aMedicine and the reign of technology / _cStanley Joel Reiser. |
| 504 | _aBibliography: p. 279-307. | ||
| 906 |
_a7 _bcbc _corignew _d1 _eopcn _f19 _gy-gencatlg |
||
| 942 |
_2ddc _cBK |
||
| 999 |
_c47884 _d47884 |
||